10 odporúčaní na obchodné rokovanie s čínskym partnerom

Rady a odporúčania pre tých Európanov, ktorí odchádzajú pracovať alebo obchodne rokovať do Číny. Ovládanie čínskeho jazyka a zvládanie kultúrnej rozmanitosti a osobitosti tejto krajiny.

Saved in:
Bibliographic Details
Main Author: Gáboríková, Eva
Format: Book Chapter
Language:Slovak
Subjects:
Tags: Add Tag
No Tags, Be the first to tag this record!

MARC

LEADER 00000naa a2200000 4500
001 0193600
005 20230912114201.7
041 0 |a slo 
044 |a SK 
245 1 0 |a 10 odporúčaní na obchodné rokovanie s čínskym partnerom  |c Eva Gáboríková 
520 |a Rady a odporúčania pre tých Európanov, ktorí odchádzajú pracovať alebo obchodne rokovať do Číny. Ovládanie čínskeho jazyka a zvládanie kultúrnej rozmanitosti a osobitosti tejto krajiny. 
610 2 0 |a komunikácia interkultúrna 
610 2 0 |a komunikácia verbálna 
610 2 0 |a komunikácia neverbálna 
610 2 0 |a rozmanitosť kultúrna 
610 2 0 |a rokovania obchodné 
610 2 0 |a partneri obchodní 
610 2 0 |a Čína 
610 2 0 |a Európa 
100 1 |a Gáboríková, Eva